Curso de direito empresarial (revista, atualizada e ampliada)

Detalles Bibliográficos
Autor principal: Sarhan Jn︢ior, Suhel
Formato: eBook
Lenguaje:portugués
Publicado: Rio de Janeiro: Editora Processo, 2019
Edición:2da. Edicin̤
Materias:
Acceso en línea:Acceso restringido

MARC

LEADER 00000nam a22000007a 4500
005 20220719223519.0
007 cr|||| ||||
008 220719s2019 br |||||s|||| 00||0 por d
020 |a 978-85-93741-39-5 
035 |a 36738 
040 |a vLex 
090 |c 13590  |d 13590 
100 1 |a Sarhan Jn︢ior, Suhel 
245 1 0 |a Curso de direito empresarial (revista, atualizada e ampliada)  |h [Recurso electrn̤ico] /  |c Suhel Sarhan Jn︢ior 
250 |a 2da. Edicin̤ 
256 |a Servicio en ln̕ea 
260 |a Rio de Janeiro:  |b Editora Processo,  |c 2019 
300 |a 1 recurso electrn̤ico 
500 |a Alcanȧr o leitor ̌o escopo basilar de qualquer livro. Neste espr̕ito foi escrito este Curso de Direito Empresarial, cuja finalidade principal ̌a de realmente apresentar todo o conted︢o desta disciplina, atualizado com recentes posiė̳s jurisprudenciais e tambm̌ nos ditames do Novo Cd̤igo de Processo Civil. Na obra ̌abordado todo o conted︢o programt̀ico (Teoria Geral, EIRELI, Microempresa e Empresa de Pequeno Porte, Direito Societr̀io, Propriedade Industrial, Tt̕ulos de Crďito, Faln̊cia e Recuperaȯ̂ de Empresas e Contratos Mercantis e Civis), o que faz dela completa para alunos de graduaȯ̂ e de ps̤-graduaȯ̂. Nô se furtou dos debates jurisprudenciais e doutrinr̀ios, com posiė̳s prp̤rias do autor e comparativas, alm̌ de selecionar, ao final, vasto repertr̤io sumular, separado por temas, fazendo com que a obra atenda, desta maneira, os anseios daqueles que estô estudando para Concursos Pb︢licos e Exame de Ordem. Tambm̌ nela sô tratados assuntos ainda pouco debatidos, tais como Trade Dress, Proteȯ̂ ao Programa de Computador, Lei de Defesa da Concorrn̊cia e Sociedade de Props̤ito Especf̕ico, o que faz da obra importante instrumento para os operadores prt̀icos do Direito. O resultado culminou neste Curso que visa atender os anseios tanto daqueles que terô o primeiro contato com a matřia, bem como dos que buscam respostas mais aprofundadas para soluȯ̂ de problemas prt̀icos. 
506 1 |a Disponible solo en los productos indicados  |d vLex Global  |d vLex Global (Academic Edition, excluding Law Schools)  |d vLex Global (U.S. Academic Edition, Law Schools)  |d vLex Global (U.S. Academic Edition, excluding Law Schools)  |d vLex Global (Academic Edition, Law Schools) 
650 0 4 |a Derecho Mercantil y de la Empresa  |z Brasil 
740 0 |a vLex Libros (Servicio en ln̕ea) 
856 4 0 |u https://app.vlex.com/#/sources/36738  |z Acceso restringido 
942 |c BOOK 
999 0 |a Commercial and Company Law